|
|
|
|
| LEADER |
01206nam a2200277 a 4500 |
| 001 |
00025206 |
| 008 |
120515s2010 enka 000 1 eng d |
| 020 |
|
|
|a 9780194248235
|
| 040 |
|
|
|a BD-DhAAL
|c BD-DhAAL
|
| 082 |
0 |
0 |
|a 428.6
|2 22
|
| 100 |
1 |
|
|a Doyle, Arthur Conan
|
| 245 |
1 |
0 |
|a Sherlock Holmes : The sign of four /
|c Sir Arthur Conan Doyle ; text adaptation by Jeremy Page ; illustrated by Nick Hardcastle.
|
| 260 |
|
|
|a Oxford :
|b Oxford University Press,
|c 2010
|
| 300 |
|
|
|a 51 p. :
|b col. ill. ;
|c 21 cm.
|
| 490 |
0 |
|
|a Dominoes., Starter level.
|
| 500 |
|
|
|a "Starter level 250 headwords."
|
| 541 |
|
|
|e 00025206
|
| 600 |
|
0 |
|a Doyle, Arthur Conan,
|c Sir,
|d 1859-1930
|x Adaptations.
|
| 650 |
|
0 |
|a Readers.
|
| 650 |
|
0 |
|a Readers for new literates.
|
| 650 |
|
0 |
|a High interest-low vocabulary books.
|
| 650 |
|
0 |
|a English language -- Textbooks for foreign speakers
|
| 700 |
1 |
|
|a Page, Jeremy
|
| 852 |
1 |
|
|a Ayesha Abed Library
|c General shelf.
|
| 999 |
|
|
|c 12329
|d 12329
|
| 952 |
|
|
|0 0
|1 0
|2 ddc
|4 0
|6 428_600000000000000_DOY
|7 0
|9 20368
|a BRACUL
|b BRACUL
|c GEN
|d 2012-06-03
|e Paragon Enterprises Ltd.
|g 174.00
|l 7
|m 41
|o 428.6 DOY
|p 3010025206
|r 2026-05-10
|s 2026-05-04
|t 1
|w 2012-06-03
|y BK
|x Transferred from BIL to BRACUL on 06/06/22
|